LDR 02026nam a2200349 4500 001 000000366588 003 CaOOAMICUS 005 20260224101845.0 008 260224s2024 it a 100 u fre r 020 $a978-88-929033-4-0 040 $aSeMil$bita 245 03$aLe sommeil :$bthéories, représentations et pratiques (Moyen Âge et époque moderne) /$ctextes réunis par Bernard Andenmatten, Karine Crousaz et Agostino Paravicini Bagliani. 264 1$aFirenze :$bSISMEL Edizioni del Galluzzo,$c2024. 300 $aVI, 437 p. :$bill. ;$c21 cm 490 1 $aMicrologusʼ library ;$v125 490 1 $aConférences transculturelles de l'Union académique internationale = Transcultural conferences of the International Union of Academies ;$v11 500 $aParte delle relazioni presentate al Colloquio tenuto a Losanna nel 2021 500 $aRiassunti in inglese 500 $aDisponibile anche online (open access su www.mirabileweb.it) 546 $aTesti in italiano, francese e inglese 650 04$aSonno - Sec. 5.-17.$0(OLS)http://semarc/subject/59615 700 1 $aCrousaz, Karine.$0(OLS)http://semarc/name/123825 700 1 $aAndenmatten, Bernard,$d<1959- >.$0(OLS)http://semarc/name/123826 700 1 $aParavicini Bagliani, Agostino,$d<1943- >.$0(OLS)http://semarc/name/89582 830 0$aMicrologusʼ library ;$v125.$0(OLS)http://semarc/title/454325 830 0$aConférences transculturelles de l'Union académique internationale = Transcultural conferences of the International Union of Academies ;$v11.$0(OLS)http://semarc/title/458346 850 $aSeMil 852 $aSeMil$W1$xVenegono$y1$m2YA N 125$j267512$B257367$CSeMilBibl$Z2$F257367 $81 996 $6020$a978-88-929033-4-0$9(OLS)http://semarc/number/305392 996 $6245$aLe sommeil :$bthéories, représentations et pratiques (Moyen Âge et époque moderne)$9(OLS)http://semarc/title/458345 996 $6264$aFirenze :$bSISMEL Edizioni del Galluzzo$9(OLS)http://semarc/publisher/31909